| 000 | 00345nam a22001457a 4500 | ||
|---|---|---|---|
| 003 | SGT | ||
| 082 | _a342.290954,TRI | ||
| 100 | _aTRIPATHI,S.C | ||
| 245 | _aINDIAN LEGAL AND CONSTITUTIONAL HISTORY | ||
| 250 | _a3RD | ||
| 260 |
_aALLAHABAD _bCENTRAL LAW PUBLICATION _c2011 |
||
| 300 | _a255 | ||
| 650 | _aCONSTITUTIONAL HISTORY | ||
| 942 |
_2ddc _cBK |
||
| 999 |
_c9560 _d9560 |
||